[Event "14PCR_PF02"]
[Site "?"]
[Date "2003.??.??"]
[Round "?"]
[White "Firla, Stanislav"]
[Black "Portych, Vaclav"]
[Result "1/2-1/2"]
[WhiteElo "2320"]
[BlackElo "2060"]
[PlyCount "142"]
[EventDate "2003.??.??"]
[EventType "tourn (corr)"]
[EventRounds "2"]
[SourceDate "2004.??.??"]

1. e4 c5 2. Nf3 Nc6 3. d4 cxd4 4. Nxd4 Nf6 5. Nc3 e5 6. Ndb5 d6 7. Bg5 a6 8.
Na3 b5 9. Nd5 Be7 10. Bxf6 Bxf6 11. c3 Bb7 12. Nc2 Bg5 13. Be2 Ne7 14. Ncb4 O-O
15. O-O f5 16. Bf3 Kh8 17. Nxe7 Qxe7 18. exf5 e4 19. Bg4 Qe5 20. Nc2 Rae8 21.
a4 bxa4 22. Rxa4 d5 23. Nd4 Be7 24. Ne6 Rf6 25. Qd4 Qxd4 26. Nxd4 Rb6 27. Ra2
Rb8 28. b4 Kg8 29. Rd1 Bf6 30. Ra3 Kf7 31. Ne6 Rc8 32. Nc5 Rd8 33. Bh5+ Ke7 34.
Re1 Bc8 35. f3 Bxf5 36. fxe4 Bxe4 37. Bf3 Kf7 38. Bxe4 dxe4 39. Nxe4 Rd3 40.
Rea1 Rc6 41. Rf1 Re3 42. Rf4 Kg6 43. Ra5 Re1+ 44. Kf2 Rc1 45. Rf3 Rc2+ 46. Kf1
h5 47. Rg3+ Kh6 48. Rc5 Rxc5 49. bxc5 Be5 50. c6 a5 51. Re3 h4 52. g3 a4 53.
Nc5 Bc7 54. Nxa4 Rxh2 55. Re6+ g6 56. gxh4 Rxh4 57. Nc5 Kg5 58. Re8 Rh7 59. Ke2
Kf6 60. Kd3 g5 61. Ne4+ Kf5 62. Rf8+ Ke5 63. Nxg5 Rg7 64. Nf3+ Kd5 65. Nd4 Rg3+
66. Kd2 Bb6 67. Rf5+ Kc4 68. Rf3 Rg2+ 69. Ne2 Rg6 70. Rf4+ Kd5 71. Kd3 Kxc6
1/2-1/2

[Event "14PCR_PF02"]
[Site "?"]
[Date "2003.??.??"]
[Round "?"]
[White "Firla, Stanislav"]
[Black "Trs, Jan"]
[Result "1/2-1/2"]
[WhiteElo "2320"]
[BlackElo "2060"]
[PlyCount "113"]
[EventDate "2003.??.??"]
[EventType "tourn (corr)"]
[EventRounds "2"]
[SourceDate "2004.??.??"]

1. e4 c6 2. d4 d5 3. Nc3 dxe4 4. Nxe4 Nd7 5. Ng5 Ngf6 6. Bc4 e6 7. Qe2 Nb6 8.
Bb3 h6 9. N5f3 a5 10. a4 c5 11. Bf4 Bd6 12. Bg3 Bxg3 13. hxg3 Qc7 14. Ne5 cxd4
15. Ngf3 O-O 16. Nxd4 Rd8 17. c3 Nbd5 18. O-O Bd7 19. Rfe1 Bc6 20. Rad1 Be8 21.
g4 Nb6 22. g5 hxg5 23. Qe3 g4 24. Qg5 Rd6 25. Nxg4 Nxg4 26. Qxg4 Nd5 27. Nxe6
Rxe6 28. Bxd5 Rxe1+ 29. Rxe1 Bc6 30. Qc4 Rc8 31. b4 axb4 32. cxb4 Bxa4 33.
Bxf7+ Kf8 34. Qa2 Qxf7 35. Qxa4 Kg8 36. b5 Qf5 37. Re4 Rc1+ 38. Kh2 Rc8 39.
Qa2+ Qf7 40. Qe2 Rc5 41. Re8+ Kh7 42. g4 Qc4 43. Qxc4 Rxc4 44. Rb8 Rxg4 45.
Rxb7 Rb4 46. Kg3 Kg6 47. b6 Kf6 48. Rb8 g5 49. b7 Kg7 50. Kf3 Kh7 51. Ke3 g4
52. Kd3 Rb3+ 53. Ke4 Rb2 54. Kd5 Kg7 55. Kd4 Rb4+ 56. Kc5 Rb3 57. Kc6 1/2-1/2

[Event "14PCR_PF02"]
[Site "?"]
[Date "2003.??.??"]
[Round "?"]
[White "Firla, Stanislav"]
[Black "Simunek, Jiri"]
[Result "1/2-1/2"]
[WhiteElo "2320"]
[BlackElo "1800"]
[PlyCount "127"]
[EventDate "2003.??.??"]
[EventType "tourn (corr)"]
[EventRounds "2"]
[SourceDate "2004.??.??"]

1. e4 e6 2. d4 d5 3. Nd2 c5 4. exd5 exd5 5. Ngf3 Nc6 6. Bb5 cxd4 7. Nb3 Qe7+ 8.
Be2 Qb4+ 9. Bd2 Qb6 10. O-O Nf6 11. Bf4 Bc5 12. a4 a5 13. Qd3 O-O 14. Qb5 Ne4
15. Nxc5 Qxc5 16. Bd3 b6 17. Bc7 Ba6 18. Qxb6 Qxb6 19. Bxb6 Rfb8 20. Bxa6 Rxa6
21. Bxd4 Nxd4 22. Nxd4 Rxb2 23. f3 Nc5 24. Rfb1 Rxb1+ 25. Rxb1 f6 26. Rb5 Nxa4
27. Rxd5 Nb2 28. Rd8+ Kf7 29. Rd7+ Kf8 30. Rb7 Nc4 31. Rc7 Ne5 32. f4 Ng6 33.
Rc8+ Ke7 34. f5 Ne5 35. Rc7+ Kd6 36. Nb5+ Kd5 37. Rxg7 Rb6 38. Nc3+ Kd4 39. Na4
Rc6 40. c3+ Kc4 41. Rb7 h6 42. h3 Rd6 43. Kf2 Rd2+ 44. Kg3 Rc2 45. Rb8 Re2 46.
Rf8 Kb5 47. Rxf6 Kxa4 48. Rxh6 Kb3 49. Re6 Kxc3 50. f6 Kd3 51. Ra6 Ke4 52. Rxa5
Rc2 53. Ra4+ Kf5 54. Rf4+ Kg6 55. h4 Kf7 56. h5 Ra2 57. Kh3 Nd3 58. Rd4 Nc5 59.
g4 Kxf6 60. Rf4+ Kg7 61. g5 Ne6 62. h6+ Kg8 63. Rf5 Nxg5+ 64. Rxg5+ 1/2-1/2

[Event "14PCR_PF02"]
[Site "?"]
[Date "2003.??.??"]
[Round "?"]
[White "Prib, Josef"]
[Black "Pytlik, Lesek"]
[Result "0-1"]
[WhiteElo "2100"]
[BlackElo "2260"]
[PlyCount "84"]
[EventDate "2003.??.??"]
[EventType "tourn (corr)"]
[EventRounds "2"]
[SourceDate "2004.??.??"]

1. c4 Nf6 2. Nf3 e6 3. g3 a6 4. Bg2 b5 5. b3 Bb7 6. O-O Be7 7. Nc3 b4 8. Na4
O-O 9. d4 a5 10. Nb2 c5 11. e3 d5 12. Nd3 dxc4 13. bxc4 Nbd7 14. Bb2 Qc7 15.
Rc1 Rac8 16. Qe2 cxd4 17. exd4 Nb6 18. Qd1 Rfd8 19. c5 Nbd5 20. Re1 Nd7 21.
Nfe5 Nxe5 22. Nxe5 Bf6 23. Ng4 Bc6 24. Bxd5 Rxd5 25. Nxf6+ gxf6 26. f4 Kh8 27.
Qd3 Rg8 28. Rf1 Qd7 29. Rf2 Rg4 30. a3 bxa3 31. Qxa3 Rh5 32. Kf1 Qd5 33. Ke1 a4
34. Qd3 Rg8 35. Ba1 Rb8 36. g4 Rh6 37. Qe3 Rg6 38. h3 Rgg8 39. Bb2 Rb3 40. Bc3
Re8 41. Kd2 Reb8 42. f5 e5 0-1